000 00542nam a2200193 4500
003 OSt
005 20260601171022.0
008 260521b\\\\\\\\||||||||\||||\00|\0\spa\d
040 _aICI
_bspa
_cICI
_erda
050 _aN6550
_b.T68
100 _aTovar y de Teresa, Guillermo
_eautor
_934780
245 _aEcos y reflejos:
_bVirreinato
264 _aMéxico
_bAmigos de las Artes de México
_c1992
300 _a16 páginas
336 _2rdacontent
_atexto
337 _2rdamedia
_asin medio
338 _2rdacarrier
_avolumen
942 _2lcc
_n1
_cB
999 _c20936
_d20936